000 00442nam a2200157Ia 4500
008 230917s9999||||xx |||||||||||||| ||und||
020 _cRS30
040 _e36522
_aMAIN
041 _aEnglish
082 _a954.01 C392E
100 _aChattopadhyaya, Sudhakar
245 0 _aEarly history of North India: from the fall of the Mauryas to the death of Harsa
250 _a3rd ed.
260 _aDelhi
_bMotilal Banarsidass
_c1976
942 _cBK
999 _c186725
_d186725